LIBRARY & INFORMATION CENTRE, KCAET, TAVANUR

ONLINE PUBLIC ACCESS CATALOGUE (OPAC)

Anuyāyi. (Record no. 17898)

MARC details
000 -LEADER
fixed length control field 00305cam a22001451 4500
003 - CONTROL NUMBER IDENTIFIER
control field OSt
008 - FIXED-LENGTH DATA ELEMENTS--GENERAL INFORMATION
fixed length control field 950203s1966 ii 000 0 malo
041 ## - LANGUAGE CODE
Language code of text/sound track or separate title mal
100 1# - MAIN ENTRY--AUTHOR NAME
Personal name Khādar, Yu. Ē.,
245 10 - TITLE STATEMENT
Title Anuyāyi.
260 ## - PUBLICATION, DISTRIBUTION, ETC. (IMPRINT)
Year of publication [1966]
300 ## - PHYSICAL DESCRIPTION
Number of Pages 255 p.
500 ## - GENERAL NOTE
General note In Malayalam.
942 ## - ADDED ENTRY ELEMENTS (KOHA)
Koha item type Books
Holdings
Withdrawn status Lost status Damaged status Home library Current library Date acquired Accession Number Koha item type
Withdrawn     KAUAET KAUAET 15/11/2023 8674 Books
free website counter